| 000 | 00840nam a2200253Ia 4500 | ||
|---|---|---|---|
| 003 | IN-BaIIA | ||
| 005 | 20230901115201.0 | ||
| 008 | 211028s9999 xx 000 0 eng d | ||
| 020 | _a978-3-319-34995-4 | ||
| 040 | _cIIA LIB | ||
| 080 |
_a52(082.1) _bASS-414 |
||
| 245 | 4 |
_aThe formation and disruption of black hole jets _cedited by Ioannis Contopoulos, Denise Gabuzda, Nikolaos Kylafis. |
|
| 260 |
_aCham _bSpringer _c2015 |
||
| 300 | _axi, 264p. | ||
| 490 |
_aAstrophysics and Space Science Library; vol. 414 _x0067-0057 |
||
| 650 |
_aAstrophysical jets _913128 |
||
| 650 | _aBlack holes (Astronomy) | ||
| 650 |
_aPhysics _973 |
||
| 650 |
_aScience - astronomy _936158 |
||
| 700 |
_aContopoulos, Ioannis., ed. _936526 |
||
| 700 |
_aGabuzda, Denise., ed. _936527 |
||
| 700 |
_aKylafis, Nikolaos ., ed. _936528 |
||
| 942 |
_cBK _2ddc |
||
| 999 |
_c19131 _d19131 |
||